000 01638cam a22004574i 4500
003 PE-LiUPU
005 20250731173121.0
008 150623s r 000 0 d
020 _a9879403207
035 _a(Sirsi) i9789879403204
040 _aPE-LiUPU
_bspa
_cPE-LiUPU
_erda
049 _aPRUA
082 0 4 _a268.063
_bP62
_221
245 0 0 _aPresencia cristiana en el mundo académico :
_bel testimonio evangélico hacia el tercer milenio: Palabra, Espíritu y Misión /
_ccompilado por Rooy Sidney.
264 1 _aBuenos Aires :
_bKairós Ediciones,
_c2001.
300 _a302 páginas ;
_c21 centímetros
336 _atext
_2rdacontent
337 _aunmediated
_2rdamedia
338 _avolume
_2rdacarrier
504 _aIncluye bibliografía.
505 0 _aLa educación superior cristiana en el mundo contemporáneo. -Dimensiones disciplinarias: lineamientos teóricos.
526 _aSEG42
526 _aSEG41
526 _aSEG40
526 _aSEG39
526 _aP94
526 _aP87
526 _aP86
526 _aP85
526 _aP77
526 _aP76
526 _aP35
650 0 4 _aEducación superior cristiana
_xCongresos.
700 1 _aSidney Rooy,
_ecomp.
942 _2ddc
_cBOOK
949 _a268.063 P62
_wDEWEY
_c1
_i49608
_lCCODEBUL1
_mBUL
_r0
_sY
_tBOOK
_u2015-6-24
_xTEOLOGIA
_PP35
_0COMPRA
_o.STAFF. Colección General
994 _aC0
_bPEPRU
596 _a1
999 _a268.063 P62
_wDEWEY
_c32436
_i49608
_d32436
_e2018-10-17
_f2021-11-10
_g5
_lCCODEBUL1
_mBUL
_n2
_r0
_sY
_tBOOK
_u2015-6-24
_xTEOLOGIA
_PP35
_0COMPRA
_o.STAFF. Colección General
980 _81
_gALBERTO SANCHEZ Responsable de Automatización